| 000 | 00374nam a22001457a 4500 | ||
|---|---|---|---|
| 020 | _qHB. | ||
| 040 | _cFIZZA ISHAQ | ||
| 082 |
_a620.1123 _bLEO |
||
| 100 |
_aSPIEGEL, LEONARD. _989588 |
||
| 245 |
_aAPPLIED STATISTICS AND STRENGTH OF MATERIALS / _cLEONARD SPIEGEL. |
||
| 250 | _a6th ED. | ||
| 260 |
_aYEW YORK ; _bPEARSON, _c2016. |
||
| 300 | _a532 P. ; | ||
| 942 |
_2ddc _cBK |
||
| 999 |
_c588250 _d588250 |
||